Transferové oceňovanie: čo sa zmenilo novelou ZDP pre štát. obce, mestá a VÚC_
Zjednodušenie pravidiel pri transferovom oceňovaní. Posúdenie uplatnenia pravidiel transferového oceňovania. Základné atribúty zjednodušeného režimu. Ilustračné príklady.
Saved in:
| Main Author: | |
|---|---|
| Format: | Book Chapter |
| Language: | Slovak |
| Subjects: | |
| Tags: |
No Tags, Be the first to tag this record!
|
MARC
| LEADER | 00000naa a2200000 4500 | ||
|---|---|---|---|
| 001 | 0248680 | ||
| 005 | 20181108063631.2 | ||
| 041 | 0 | |a slo | |
| 044 | |a SK | ||
| 245 | 1 | 0 | |a Transferové oceňovanie: čo sa zmenilo novelou ZDP pre štát. obce, mestá a VÚC_ |c Michal Kočiš |
| 520 | |a Zjednodušenie pravidiel pri transferovom oceňovaní. Posúdenie uplatnenia pravidiel transferového oceňovania. Základné atribúty zjednodušeného režimu. Ilustračné príklady. | ||
| 610 | 2 | 0 | |a oceňovanie transferové |
| 610 | 2 | 0 | |a dane z príjmov |
| 610 | 2 | 0 | |a štát |
| 610 | 2 | 0 | |a obce |
| 610 | 2 | 0 | |a mestá |
| 610 | 2 | 0 | |a vyššie územné celky |
| 610 | 2 | 0 | |a daňovníci |
| 100 | 1 | |a Kočiš, Michal | |